000
00257nam a22000977a 4500
008
160525b xxu||||| |||| 00| 0 eng d
082
_a
822.33
_b
Sh15fb
100
_a
Baldwin T. W.
245
_a
On the literary genetics if Shakspere's plays.
942
_2
ddc
_c
GEN
999
_c
78305
_d
78294